000 00660nam a2200217 a 4500
001 BRCA_5171
005 20190320204953.0
008 730515s1958 nyu#######---#000-0#eng-#
041 _aeng
044 _anyu
050 4 _aDR312
_b.D55 1958
100 1 _aDjilas, Milovan
_d1911-1995
_913229
245 1 0 _aLand without justice
_ban autobiography of his youth
_cMilovan Djilas ; with introduction and notes by William Jovanovich.
260 _aNueva York
_bHarcourt, Brace
_c1958
300 _a365 p.
_c22 cm.
500 _aDD66
651 4 _aYugoslavia
_xCostumbres sociales
_913230
700 1 _aJovanovich, William
_913231
902 _aGFM
942 _2lcc
_cB
999 _c4865
_d4865